LEADER 04094nam a2200601 i 4500
001 45816
003 BD-DhAAL
005 20260520181242.0
008 260520t2015 nyuab b 001 0 eng d
010 |a  2016429586 
020 |a 9781479851454 
020 |a 1479851450 
020 |a 9781479889389 
020 |a 1479889385 
035 |a 19179569 
035 |a (OCoLC)906010921 
040 |a YDXCP  |b eng  |c YDXCP  |e rda  |d BTCTA  |d BDX  |d ERASA  |d NYP  |d COO  |d OCLCF  |d CUT  |d CHVBK  |d VVC  |d OCLCO  |d OCLCQ  |d OBE  |d OCL  |d DLC  |d BD-DhAAL 
042 |a lccopycat 
043 |a a-ja--- 
050 0 0 |a DS806  |b .J265 2015 
082 0 0 |a 303.4952  |2 23 
245 0 0 |a Japan :  |b the precarious future /  |c edited by Frank Baldwin and Anne Allison. 
246 3 |a Japan 
260 |a New York :  |b New York University Press,  |c c2015. 
300 |a viii, 352 pages :  |b illustrations, map ;  |c 23 cm 
490 1 |a Possible futures series 
500 |a "A joint publication of the Social Science Research Council and New York University Press." 
504 |a Includes bibliographical references and index. 
505 0 |a Introduction : Japan's possible futures / Frank Baldwin and Anne Allison -- Demography as destiny : falling birthrates and the allure of a blended society / Sawako Shirahase -- Precarity and hope : social connectedness in postcapitalist Japan / Anne Allison -- Risk and consequences : the changing Japanese employment paradigm / Machiko Osawa and Jeff Kingston -- The future of gender in Japan : work/life balance and relations between the sexes / Ayako Kano -- After Fukushima : veto players and Japanese nuclear policy / Jacques E.C. Hymans -- Japan's megadisaster challenges : crisis management in the modern era / William J. Siembieda and Haruo Hayashi -- Fiscal survival and financial revival : possible futures for the Japanese economy / Saori N. Katada and Gene Park -- Manufacturing in Japan : factories and national policy / Takahiro Fujimoto with Frank Baldwin -- Integrated solutions to complex problems : transforming Japanese science and technology / Masaru Yarime -- Military cooperation and territorial disputes : the changing face of Japan's security policy / Hiroshi Nakanishi -- Economic and strategic leadership in Asia : the rivalry between China and Japan / Claude Meyer -- Possible futures of political leadership : waiting for a transformational prime minister / Ellis S. Krauss and Robert J. Pekkanen -- State power versus individual freedom : Japan's constitutional past, present, and possible futures / Lawrence Repeta and Colin P. A. Jones. 
526 8 |a AAL 
541 |a Donated by Embassy of Japan in Bangladesh, Read Japan Project 2025, The Tokyo Foundation, supported by The Nippon Foundation.  |e 45816 
648 7 |a 2000-2099  |9 30917 
650 0 |a National characteristics, Japanese.  |9 12713 
650 7 |a Economic history.  |9 12713 
650 7 |a Forecasting.  |9 12713 
650 7 |a International relations. 
650 7 |a National characteristics, Japanese.  |9 12713 
650 7 |a Social conditions. 
650 7 |a Social sciences. 
651 0 |a Japan  |x Forecasting.  |9 60941 
651 0 |a Japan  |x Social conditions  |y 21st century.  |9 60851 
651 0 |a Japan  |x Economic conditions  |y 21st century.  |9 60850 
651 0 |a Japan  |x Relations. 
651 7 |a Japan. 
700 1 |a Baldwin, Frank,  |e editor.  |9 60942 
700 1 |a Allison, Anne,  |d 1950-  |e editor.  |9 60943 
710 2 |a NYU Press,  |e publisher.  |9 60944 
710 2 |a Social Science Research Council (U.S.),  |e publisher.  |9 60945 
830 0 |a Possible futures series.  |9 60946 
852 1 |a Ayesha Abed Library  |c General Stacks 
942 |2 ddc  |c BK 
999 |c 48005  |d 48005 
952 |0 0  |1 0  |2 ddc  |4 0  |6 303_495200000000000_JAP  |7 0  |9 79252  |a BRACUL  |b BRACUL  |d 2026-05-20  |e Donated by Embassy of Japan in Bangladesh, Read Japan Project 2025, The Tokyo Foundation, supported by The Nippon Foundation.  |l 0  |o 303.4952 JAP  |p 3010045816  |r 2026-05-20  |t 1  |w 2026-05-20  |y BK  |x Donated copy received from Embassy of Japan in Bangladesh, Read Japan Project 2025, The Tokyo Foundation, supported by The Nippon Foundation on 08 April 2026; $45.00 Amazon.com